00431nam a2200121Ia 4500008004100000024004800041082001900089100007300108245003500181260002600216600003400242650003300276260210s9999 xx 000 0 und d a08B-030-TE, 08B-002-TE & 08B-006-TE a006.454072 AFR aRahim Khan Afridi, Muhammad Zohaib Tariq Qureshi & Maaz Ali Khan 0aVoice Recognition Using MATLAB aKarachi:bUITU,c2008 aTelecommunication Engineering aBachelor of Engineering (BE)